000 00818pam a2200289 i 4500
999 _c5368
_d5368
001 018731315
003 Uk
005 20250909103416.0
008 171205s2018 enk j 000|f|eng|d
020 _a9781405291774
_qpaperback
040 _aStDuBDS
_beng
_cStDuBDS
_dUk
_dKH8
_erda
042 _aukblcatcopy
082 _aFIC MAF
100 1 _aMafi, Tahereh,
_eauthor.
245 1 0 _aIgnite me /
_cTahereh Mafi.
264 1 _aLondon :
_bElectric Monkey,
_c2018.
300 _a409 pages ;
_c20 cm.
336 _atext
_2rdacontent
337 _aunmediated
_2rdamedia
338 _avolume
_2rdacarrier
490 0 _aShatter me series
600 1 0 _aFerrars, Juliette
_c(Fictitious character)
_vFiction.
650 _aRomance
_vfiction
650 _aFantasy
_vfiction
650 _aDystopia
_vfiction
942 _2ddc
_cFIC